00205nam a22000977a 4500003000400000082000800004100002800012245003000040260002900070300000800099SGT bCHA aCHAUDHARI, MANOJ KUMAR  aGENDER, SCHOOL & SOCIETY  aDELHI bEDU. PUB. c2016 a216